000 00398nam a2200169Ia 4500
001 29755
003 IN-NITTTR
005 20251114233404.0
008 251113s9999||||xx |||||||||||||| ||eng||
040 _beng
040 _cIN-NITTTR
041 _aeng
082 _a621.89 A81T
100 _aAstakhov, Viktor P.
245 0 _aTribology of metal cutting /
_cAstakhov, Viktor P.
942 _2ddc
_cBK
999 _c32383
_d32383